[Event "Valle Region-ch U20"]
[Site "Cali"]
[Date "2017.02.18"]
[Round "5.3"]
[White "Martinez, Cristian Camilo"]
[Black "Rodriguez Jimenez, Juan Jose"]
[Result "1-0"]
[WhiteElo "1921"]
[BlackElo "1653"]
[PlyCount "63"]
[EventDate "2017.02.17"]
[EventType "swiss"]
[EventRounds "7"]
[EventCountry "COL"]
[SourceTitle "EXT 2024"]
[Source "ChessBase"]
[SourceDate "2023.10.10"]
[SourceVersion "1"]
[SourceVersionDate "2023.10.10"]
[SourceQuality "1"]

1. e4 e6 2. d4 d5 3. Nd2 dxe4 4. Nxe4 Nd7 5. Nf3 Ngf6 6. Ng3 Be7 7. Bd3 c5 8. 0-0 b6 9. Qe2 Bb7 10. Be3 Rc8 11. dxc5 Bxc5 12. Bxc5 Rxc5 13. Rad1 Qc8 14. c3 0-0 15. Rfe1 Ra5 16. a3 Ba6 17. h3 Bxd3 18. Rxd3 Rc5 19. Red1 Qc7 20. Ne4 Rd5 21. Rxd5 Nxd5 22. c4 N5f6 23. Nxf6+ Nxf6 24. b4 Rd8 25. Rc1 Qf4 26. Rc2 Rc8 27. c5 bxc5 28. bxc5 Nd5 29. Qa6 Rc7 30. c6 Qe4 31. Rb2 Nb6 32. Rxb6 1-0

[Event "Valle Region-ch U20"]
[Site "Cali"]
[Date "2017.02.18"]
[Round "3.7"]
[White "Zuniga Urriago, Anderson"]
[Black "Rodriguez Jimenez, Juan Jose"]
[Result "0-1"]
[WhiteElo "1547"]
[BlackElo "1653"]
[PlyCount "62"]
[EventDate "2017.02.17"]
[EventType "swiss"]
[EventRounds "7"]
[EventCountry "COL"]
[SourceTitle "EXT 2024"]
[Source "ChessBase"]
[SourceDate "2023.10.10"]
[SourceVersion "1"]
[SourceVersionDate "2023.10.10"]
[SourceQuality "1"]

1. d4 Nf6 2. c4 c5 3. e3 cxd4 4. exd4 d5 5. Nc3 Nc6 6. Nf3 Bf5 7. Qb3 Qb6 8. Qxb6 axb6 9. a3 e6 10. Nb5 Rc8 11. Bf4 Na5 12. Nd2 Be7 13. Be2 0-0 14. 0-0 dxc4 15. Rac1 Nd5 16. Bg3 Bg5 17. f4 Be7 18. Nxc4 Nxc4 19. Rxc4 Rxc4 20. Bxc4 Ne3 21. Rc1 Rc8 22. b3 Nxc4 23. Rxc4 Rxc4 24. bxc4 Bd3 25. Be1 Bxc4 26. a4 Kf8 27. Kf2 Ke8 28. Ke3 Kd7 29. g3 Kc6 30. Na7+ Kd5 31. Nc8 Bd8 0-1

[Event "Cartagena zt U18 Valle"]
[Site "Cali"]
[Date "2013.04.20"]
[Round "3.8"]
[White "Rodriguez Jimenez, Juan Jose"]
[Black "Ospina Escobar, Juan David"]
[Result "0-1"]
[WhiteElo "1600"]
[BlackElo "1419"]
[PlyCount "48"]
[EventDate "2013.04.19"]
[EventType "swiss"]
[EventRounds "6"]
[EventCountry "COL"]
[SourceTitle "EXT 2024"]
[Source "ChessBase"]
[SourceDate "2023.10.10"]
[SourceVersion "1"]
[SourceVersionDate "2023.10.10"]
[SourceQuality "1"]

1. d4 Nf6 2. c4 d5 3. Nc3 c6 4. Bg5 g6 5. e3 Bg7 6. Nf3 Bf5 7. Bd3 Bxd3 8. Qxd3 0-0 9. 0-0 Na6 10. a3 c5 11. Rad1 e6 12. Rfe1 cxd4 13. exd4 Qd6 14. cxd5 Nxd5 15. Nxd5 Qxd5 16. Be3 Rad8 17. h3 e5 18. Qd2 e4 19. Nh2 Nc7 20. f3 f5 21. Qf2 f4 22. fxe4 Qxe4 23. Bc1 Qf5 24. Nf3 Ne8 0-1

[Event "Cali Region-ch U16"]
[Site "Cali"]
[Date "2013.04.12"]
[Round "1.3"]
[White "Quinonez Garcia, Santiago"]
[Black "Rodriguez Jimenez, Juan Jose"]
[Result "1-0"]
[WhiteElo "1904"]
[BlackElo "1600"]
[PlyCount "23"]
[EventDate "2013.04.12"]
[EventType "swiss"]
[EventRounds "6"]
[EventCountry "COL"]
[SourceTitle "EXT 2024"]
[Source "ChessBase"]
[SourceDate "2023.10.10"]
[SourceVersion "1"]
[SourceVersionDate "2023.10.10"]
[SourceQuality "1"]

1. e4 c5 2. Nf3 d6 3. d4 cxd4 4. Qxd4 Nc6 5. Bb5 Bd7 6. Bxc6 Bxc6 7. Nc3 Nf6 8. Bg5 g6 9. Bxf6 exf6 10. 0-0 Bg7 11. Rad1 f5 12. Qxg7 1-0